000 004440000a22001810004500
003 MACL
005 20150823145254.0
008 150823b xxu||||| |||| 00| 0 eng d
040 _aMACL
_cMACL
041 _aEnglish
082 _a658/BAR
100 _aBarthwal, C P
_97091
245 _aUnderstanding Management
260 _bBharat Book Centre
_c2008
_aNew Delhi
350 _a500
650 _aManagement
_97092
942 _cBK
_k658/BAR
_2ddc
999 _c42177
_d42177